000 00335nam a2200133Ia 4500
999 _c6524
_d6524
003 OSt
008 191201s2016 xx 000 0 und d
100 _aRAM, Paras
245 0 _aEngineering Mathematics Through Applications
260 _aN. delhi
_bArihant Publication
_c2016
300 _a1145
650 _aApplied
942 _2ddc
_cBK
_018